| 000 | 00391nam a22001457a 4500 | ||
|---|---|---|---|
| 020 | _a9788172337902 | ||
| 082 |
_a631.4 _bGUP/ST |
||
| 100 |
_aGupta I.C. _91102 |
||
| 100 |
_aYaduvanshi N.P.S. _91103 |
||
| 100 |
_aGupta S.K. _91104 |
||
| 245 | _aStandard Methods for Analysis of Soil Plant and Water | ||
| 260 |
_aJodhpur _bScientific Publishers (India) _c2012 |
||
| 300 | _a224 | ||
| 942 | _cBK | ||
| 999 |
_c14628 _d14628 |
||